000 01066nam a22002531 4500
001 177295
003 ES-MaACL
005 20260213134530.0
008 110314s1970 sp af ||||0| spa d
080 _a74 Colmeiro, Manuel
100 1 _aColmeiro, Manuel (
_d1901-1999)
_939769
245 1 0 _aDibujos de Colmeiro /
_cpor Agustín Rodríguez Sahagún.
250 _a1ª ed.
260 _aMadrid :
_bIbérico Europea de Ediciones,
_cD. L. 1970.
300 _a[40] p. :
_bprincipalmente il. bl. y n. ;
_c31 cm.
490 1 _aMaestros contemporáneos del dibujo y la pintura ;
_v8
500 _aEncuadernado con otros títulos.
597 _aEn el lomo: Opisso, Mateos, Vázquez Díaz, Joaquín Peinado, Monell, F. Iturrino, Redondela, Colmeiro, Cecilio Pla, Martínez Ortiz.
600 1 4 _aColmeiro, Manuel (
_d1901-1999)
_939769
700 _aRodríguez Sahagún, Agustín,
_d1932-1991
_9240884
830 0 0 _aMaestros contemporáneos del dibujo y la pintura
_v8
_9190405
852 _aES-MaACL
_jE-14686 (8)
_xOlim P-1071
999 _c177295
_d177295